Introduction to Particleboard Technology / (Record no. 99072)
[ view plain ]
| 000 -LEADER | |
|---|---|
| fixed length control field | 00692nam a2200217 a 4500 |
| 008 - FIXED-LENGTH DATA ELEMENTS--GENERAL INFORMATION | |
| fixed length control field | |
| 049 ## - LOCAL HOLDINGS (OCLC) | |
| Holding library | MAIN |
| 090 ## - LOCALLY ASSIGNED LC-TYPE CALL NUMBER (OCLC); LOCAL CALL NUMBER (RLIN) | |
| Classification number (OCLC) (R) ; Classification number, CALL (RLIN) (NR) | TS875 LIU |
| 003 - CONTROL NUMBER IDENTIFIER | |
| control field | |
| 005 - DATE AND TIME OF LATEST TRANSACTION | |
| control field | 20230120153121.0 |
| 040 ## - CATALOGING SOURCE | |
| Transcribing agency | NUST |
| 110 ## - MAIN ENTRY--CORPORATE NAME | |
| Corporate name or jurisdiction name as entry element | SADCC Forest Industries Centre Regional Africa |
| 245 10 - TITLE STATEMENT | |
| Title | Introduction to Particleboard Technology / |
| Statement of responsibility, etc. | SADCC Forest Industries Centre Regional Africa. |
| 260 ## - PUBLICATION, DISTRIBUTION, ETC. | |
| Place of publication, distribution, etc. | Rome : |
| Name of publisher, distributor, etc. | Food and Agriculture Organisation, |
| Date of publication, distribution, etc. | 1990 |
| 300 ## - PHYSICAL DESCRIPTION | |
| Extent | 56 p. : |
| Other physical details | ill. ; |
| Dimensions | 30 cm. |
| 500 ## - GENERAL NOTE | |
| General note | Based on the work of Olavi Liukkonen. |
| 650 ## - SUBJECT ADDED ENTRY--TOPICAL TERM | |
| Topical term or geographic name entry element | Participle board |
| 650 #1 - SUBJECT ADDED ENTRY--TOPICAL TERM | |
| Topical term or geographic name entry element | Fiberboard |
| 907 ## - LOCAL DATA ELEMENT G, LDG (RLIN) | |
| a | .b10165046 |
| b | 05-02-16 |
| c | 13-06-05 |
| 942 ## - ADDED ENTRY ELEMENTS (KOHA) | |
| Koha item type | Ordinary Loan Books |
| Call number prefix | TS875 LIU |
| Date last seen | Total Checkouts | Full call number | Barcode | Cost, replacement price | Price effective from | Koha item type | Lost status | Source of classification or shelving scheme | Damaged status | Not for loan | Collection | Withdrawn status | Home library | Current library | Shelving location | Date acquired | Cost, normal purchase price |
|---|---|---|---|---|---|---|---|---|---|---|---|---|---|---|---|---|---|
| 01/20/2023 | TS875 LIU | 92004004833 | 80.00 | 01/20/2023 | 3HOUR | LCC | NFIC | MAIN | MAIN | GEN | 01/20/2023 | 80.00 |